[Event "Valls Vs Andorra"]
[Site "Valls"]
[Date "2023.02.25"]
[Round "6.8"]
[White "Garcia Paolicchi, Raul"]
[Black "Vehi Bach, Victor Manuel"]
[Result "1/2-1/2"]
[TimeControl "90'+30\""]
[WhiteTitle "FM"]
[BlackTitle "IM"]
[WhiteFideId "6900020"]
[BlackFideId "2200228"]
[WhiteElo "2110"]
[BlackElo "2248"]

1. d4 {[%clk 01:30:57]} {[%emt 00:00:02]} Nf6 {[%clk 01:30:50]} {[%emt
00:00:11]} 2. Nf3 {[%clk 01:31:07]} {[%emt 00:00:19]} e6 {[%clk 01:30:58]}
{[%emt 00:00:22]} 3. g3 {[%clk 01:31:22]} {[%emt 00:00:15]} c5 {[%emt
00:01:51]} 4. Bg2 {[%clk 01:31:04]} {[%emt 00:00:07]} cxd4 {[%clk 01:30:06]}
{[%emt 00:00:42]} 5. O-O {[%clk 01:30:59]} {[%emt 00:00:34]} d5 {[%clk
01:29:19]} {[%emt 00:01:18]} 6. Nxd4 {[%clk 01:30:50]} {[%emt 00:00:39]} e5
{[%clk 01:28:09]} {[%emt 00:01:40]} 7. Nb3 {[%clk 01:30:52]} {[%emt 00:00:28]}
Be6 {[%clk 01:25:05]} {[%emt 00:03:33]} 8. Nc3 {[%clk 01:28:33]} {[%emt
00:02:49]} Be7 {[%clk 01:16:45]} {[%emt 00:08:50]} 9. Bg5 {[%clk 01:25:12]}
{[%emt 00:03:50]} Nbd7 {[%clk 01:16:58]} {[%emt 00:00:17]} 10. f4 {[%emt
00:21:05]} exf4 {[%emt 00:01:16]} 11. gxf4 {[%clk 01:07:13]} {[%emt 00:00:17]}
g6 {[%clk 01:12:26]} {[%emt 00:01:53]} 12. Kh1 {[%clk 00:53:11]} {[%emt
00:14:32]} h6 {[%clk 00:36:27]} {[%emt 00:36:29]} 13. Bh4 {[%clk 00:51:06]}
{[%emt 00:02:35]} Nb6 {[%clk 00:33:41]} {[%emt 00:03:17]} 14. Nd4 {[%clk
00:47:54]} {[%emt 00:03:42]} Ng4 {[%clk 00:11:12]} {[%emt 00:22:59]} 15. Bxe7
{[%clk 00:42:27]} {[%emt 00:05:57]} Qxe7 {[%clk 00:11:35]} {[%emt 00:00:07]} 16.
Qd3 {[%clk 00:40:41]} {[%emt 00:02:15]} Qh4 {[%clk 00:04:06]} {[%emt 00:07:59]}
17. Qg3 {[%clk 00:39:46]} {[%emt 00:01:25]} Qxg3 {[%clk 00:04:14]} {[%emt
00:00:23]} 18. hxg3 {[%clk 00:40:09]} {[%emt 00:00:07]} Ne3 {[%clk 00:02:57]}
{[%emt 00:01:47]} 19. Rf3 {[%clk 00:37:07]} {[%emt 00:03:31]} Nxg2 {[%clk
00:03:01]} {[%emt 00:00:27]} 20. Kxg2 {[%clk 00:37:27]} {[%emt 00:00:09]} Bg4
{[%clk 00:02:04]} {[%emt 00:01:28]} 21. Rd3 {[%clk 00:34:16]} {[%emt 00:03:41]}
O-O-O {[%clk 00:01:57]} {[%emt 00:00:38]} 22. a4 {[%clk 00:31:08]} {[%emt
00:03:37]} Rhe8 {[%clk 00:01:34]} {[%emt 00:00:54]} 23. Kf2 {[%clk 00:30:50]}
{[%emt 00:00:47]} Kb8 {[%emt 00:04:42]} 24. b3 {[%clk 00:24:31]} {[%emt
00:03:18]} Nd7 {[%clk 00:01:06]} {[%emt 00:00:17]} 25. Re3 {[%clk 00:21:09]}
{[%emt 00:03:52]} Nf6 {[%emt 00:01:37]} 26. Rxe8 {[%clk 00:17:12]} {[%emt
00:03:13]} Rxe8 {[%clk 00:01:41]} {[%emt 00:00:03]} 27. Rd1 {[%clk 00:13:49]}
{[%emt 00:03:52]} Rc8 {[%clk 00:01:59]} {[%emt 00:00:13]} 28. Nb1 {[%clk
00:14:08]} {[%emt 00:00:10]} Ne4+ {[%emt 00:00:31]} 29. Kg2 {[%clk 00:14:18]}
{[%emt 00:00:17]} a6 {[%clk 00:01:56]} {[%emt 00:00:35]} 30. Rd3 {[%clk
00:13:43]} {[%emt 00:01:04]} h5 {[%clk 00:01:01]} {[%emt 00:01:25]} 31. Re3
{[%clk 00:11:01]} {[%emt 00:03:12]} Bd7 {[%clk 00:00:38]} {[%emt 00:00:54]} 32.
Rd3 {[%clk 00:10:05]} {[%emt 00:01:25]} Bg4 {[%clk 00:01:05]} {[%emt 00:00:03]}
33. Re3 {[%clk 00:09:20]} {[%emt 00:01:14]} Bd7 {[%clk 00:01:34]} {[%emt
00:00:02]} 34. Rd3 {[%clk 00:09:22]} {[%emt 00:00:28]} Bg4 {[%emt 00:00:43]} 35.
Nd2 {[%emt 00:00:01]} Bxe2 {[%emt 00:00:02]} 1/2-1/2

[Event "Valls Vs Andorra"]
[Site "Valls"]
[Date "2023.02.25"]
[Round "6.9"]
[White "Ryan, Joe"]
[Black "Gonzalez Garcia, Marc"]
[Result "1/2-1/2"]
[TimeControl "90'+30\""]
[WhiteTitle "FM"]
[WhiteFideId "2500426"]
[BlackFideId "2222744"]
[WhiteElo "2230"]
[BlackElo "2135"]

1. e4 {[%clk 01:30:13]} {[%emt 00:02:57]} e6 {[%clk 01:30:59]} 2. d4 {[%clk
01:30:13]} d5 {[%clk 01:30:59]} 3. Nd2 {[%clk 01:30:13]} c5 {[%emt 00:00:49]} 4.
Ngf3 {[%emt 00:01:09]} Nf6 {[%clk 01:31:36]} 5. e5 {[%clk 01:29:03]} Nfd7
{[%clk 01:31:36]} 6. c3 {[%clk 01:29:03]} b6 {[%clk 01:31:36]} 7. h4 {[%emt
00:11:59]} Be7 {[%clk 01:26:26]} {[%emt 00:00:20]} 8. h5 {[%clk 01:18:37]} f6
{[%clk 01:04:57]} {[%emt 00:29:43]} 9. h6 {[%clk 01:16:01]} g6 {[%clk
01:05:13]} {[%emt 00:03:20]} 10. exf6 {[%clk 01:08:41]} Bxf6 11. Bd3 {[%clk
01:04:41]} {[%emt 00:07:05]} O-O {[%clk 00:55:04]} 12. O-O {[%clk 01:04:41]} e5
{[%clk 00:58:55]} 13. dxe5 {[%clk 01:04:41]} Nxe5 {[%clk 00:58:55]} 14. Nxe5
{[%clk 00:59:09]} Bxe5 15. Nf3 {[%clk 00:59:09]} Bg4 {[%clk 00:44:12]} {[%emt
00:13:56]} 16. Be2 {[%clk 00:48:37]} {[%emt 00:10:31]} Bf6 17. Nh2 {[%emt
00:13:54]} Bxe2 {[%clk 00:23:36]} {[%emt 00:08:43]} 18. Qxe2 {[%clk 00:48:44]}
Qd7 {[%emt 00:11:05]} 19. Ng4 {[%clk 00:37:43]} {[%emt 00:05:14]} Nc6 20. Nxf6+
{[%emt 00:03:03]} Rxf6 {[%clk 00:17:00]} {[%emt 00:00:08]} 21. Re1 {[%emt
00:04:31]} Kf7 {[%clk 00:14:48]} {[%emt 00:00:04]} 22. Bg5 {[%clk 00:36:00]}
Re6 {[%clk 00:14:48]} 23. Qf3+ {[%clk 00:36:00]} Kg8 {[%clk 00:14:48]} 24. Rxe6
{[%clk 00:36:00]} Qxe6 {[%clk 00:14:48]} 25. Rd1 {[%clk 00:36:00]} d4 {[%clk
00:10:31]} {[%emt 00:11:53]} 26. cxd4 {[%clk 00:33:25]} Rf8 {[%clk 00:10:54]}
{[%emt 00:00:54]} 27. d5 {[%clk 00:28:03]} {[%emt 00:07:17]} Qe5 {[%clk
00:07:37]} 28. Qe3 Qd6 {[%clk 00:07:12]} 29. Qf3 {[%clk 00:28:03]} {[%emt
00:00:19]} Qe5 {[%clk 00:07:37]} 30. Qe3 {[%clk 00:28:03]} Qd6 31. Qf3 {[%clk
00:28:03]} {[%emt 00:00:38]} Qe5 {[%clk 00:07:37]} 32. Qe3 {[%clk 00:23:50]}
{[%emt 00:04:41]} Qd6 {[%clk 00:07:52]} 33. Qe6+ {[%clk 00:23:50]} Qxe6 {[%clk
00:07:52]} 34. dxe6 {[%clk 00:23:50]} Nd4 {[%clk 00:07:52]} 35. e7 {[%clk
00:23:50]} Re8 {[%clk 00:07:52]} 36. Bf6 {[%clk 00:23:50]} Ne6 {[%clk
00:07:52]} 37. g4 {[%clk 00:23:50]} Kf7 {[%clk 00:07:52]} 1/2-1/2

[Event "Valls Vs Andorra"]
[Site "Valls"]
[Date "2023.02.25"]
[Round "6.10"]
[White "Mateu Guiu, Esteve"]
[Black "Ano Pla, Gerard"]
[Result "1-0"]
[TimeControl "90'+30\""]
[WhiteFideId "22270728"]
[BlackFideId "24560561"]
[WhiteElo "2017"]
[BlackElo "2143"]

1. d4 {[%emt 00:00:29]} d6 {[%emt 00:00:14]} 2. Nf3 {[%emt 00:00:19]} g6 {[%emt
00:00:36]} 3. c4 {[%emt 00:00:36]} Bg7 {[%emt 00:00:06]} 4. g3 {[%emt
00:00:15]} Nf6 {[%emt 00:00:49]} 5. Bg2 {[%emt 00:00:07]} O-O {[%emt 00:01:05]}
6. Nc3 {[%emt 00:00:15]} c5 {[%emt 00:04:51]} 7. O-O {[%emt 00:00:54]} Nc6
{[%emt 00:02:21]} 8. d5 {[%emt 00:02:48]} Na5 {[%emt 00:00:05]} 9. Nd2 {[%emt
00:00:15]} Rb8 {[%emt 00:03:48]} 10. Rb1 {[%emt 00:08:00]} a6 {[%emt 00:15:29]}
11. b3 {[%emt 00:04:25]} b5 {[%emt 00:06:58]} 12. Bb2 {[%emt 00:01:43]} bxc4
{[%emt 00:00:33]} 13. bxc4 {[%emt 00:02:53]} Bd7 {[%emt 00:08:40]} 14. Qc2
{[%emt 00:02:40]} Qc7 {[%emt 00:10:57]} 15. Nce4 {[%emt 00:22:23]} Nxe4 {[%emt
00:03:47]} 16. Bxe4 {[%emt 00:00:36]} e5 {[%emt 00:04:01]} 17. Bc3 {[%emt
00:06:39]} f5 {[%emt 00:04:04]} 18. Bg2 {[%emt 00:00:48]} f4 {[%emt 00:02:28]}
19. Rxb8 {[%emt 00:02:59]} Rxb8 {[%emt 00:00:05]} 20. gxf4 {[%emt 00:00:19]}
Re8 {[%emt 00:14:54]} 21. fxe5 {[%emt 00:03:59]} Bxe5 {[%emt 00:00:06]} 22.
Bxe5 {[%emt 00:01:14]} Rxe5 {[%emt 00:01:37]} 23. e3 {[%emt 00:01:02]} Qd8
{[%emt 00:02:38]} 24. Qc3 {[%emt 00:04:57]} Bf5 {[%emt 00:08:05]} 25. f4 {[%emt
00:04:31]} Re8 {[%emt 00:00:31]} 26. e4 {[%emt 00:00:14]} Bg4 {[%emt 00:00:47]}
27. e5 {[%emt 00:03:35]} Bf5 {[%emt 00:02:28]} 28. e6 {[%emt 00:07:19]} Nb7
{[%emt 00:00:30]} 29. Be4 {[%emt 00:03:40]} Qa5 {[%emt 00:00:46]} 30. Qxa5
{[%emt 00:00:25]} Nxa5 {[%emt 00:00:01]} 31. Bxf5 {[%emt 00:00:08]} gxf5 {[%emt
00:00:02]} 32. Rb1 {[%emt 00:00:11]} Kg7 {[%emt 00:01:34]} 33. Rb6 {[%emt
00:00:42]} Ra8 {[%emt 00:00:01]} 34. Rxd6 {[%emt 00:00:14]} Kf6 35. Rb6 {[%emt
00:02:32]} Rg8+ {[%emt 00:00:07]} 36. Kf2 {[%emt 00:01:07]} Rg4 {[%emt
00:00:06]} 37. Kf3 {[%emt 00:02:47]} Rh4 38. Rxa6 {[%emt 00:00:40]} Nb7 {[%emt
00:01:51]} 39. Ra7 {[%emt 00:00:40]} Nd6 {[%emt 00:00:16]} 40. Rd7 {[%emt
00:00:20]} Rh3+ {[%emt 00:00:03]} 41. Kg2 {[%emt 00:01:11]} Rd3 {[%emt
00:00:01]} 42. Rxd6 {[%emt 00:01:59]} Rxd2+ {[%emt 00:00:05]} 43. Kf3 {[%emt
00:00:09]} Rd3+ {[%emt 00:03:20]} 44. Ke2 {[%emt 00:00:06]} Rd4 {[%emt
00:00:03]} 45. Rd7 {[%emt 00:01:20]} Rxf4 {[%emt 00:00:32]} 46. Rf7+ {[%emt
00:00:23]} Kg6 {[%emt 00:01:12]} 47. Kd3 {[%emt 00:00:47]} h5 {[%emt 00:00:52]}
48. Kc3 {[%emt 00:00:36]} Rf3+ {[%emt 00:00:28]} 49. Kc2 {[%emt 00:00:49]} Re3
{[%emt 00:00:26]} 50. a4 {[%emt 00:00:34]} Re4 {[%emt 00:00:42]} 51. Kd3 {[%emt
00:00:33]} Rd4+ {[%emt 00:00:35]} 52. Kc3 {[%emt 00:00:07]} Rd1 {[%emt
00:00:01]} 53. a5 {[%emt 00:00:10]} Rc1+ {[%emt 00:00:13]} 54. Kb3 {[%emt
00:00:30]} Rb1+ {[%emt 00:00:31]} 55. Kc2 {[%emt 00:00:05]} Rb4 {[%emt
00:01:13]} 56. Kc3 {[%emt 00:00:05]} Ra4 {[%emt 00:00:24]} 57. d6 {[%emt
00:00:34]} Rxa5 {[%emt 00:00:07]} 58. d7 {[%emt 00:00:08]} Ra3+ {[%emt
00:00:16]} 59. Kb2 {[%emt 00:00:21]} Rd3 {[%emt 00:00:10]} 60. Rf8 {[%emt
00:00:11]} 1-0